| 000 | 00559cam a22001934a 4500 | ||
|---|---|---|---|
| 005 | 20250605163438.0 | ||
| 008 | 250528s ||||||||||||||||||||||||d | ||
| 035 | _a19393 | ||
| 020 | _a9603431419 | ||
| 040 |
_aGR-AtMCL _bgre _dGR-AtMCL _eAACR2 |
||
| 245 | 1 | _aΧΡΗΜΑΤΟΔΟΤΗΣΗ ΚΑΙ ΑΞΙΟΛΟΓΗΣΗ ΕΠΕΝΔΥΣΕΩΝ ΤΟΜΟΣ Β | |
| 250 | _a2 | ||
| 260 |
_bΑδελφοι Κυριακιδη, _c1999 |
||
| 300 | _a335 | ||
| 700 | 1 | _aΤσακλαγκανος Αγγελος Α | |
| 942 | _cBK | ||
| 999 |
_c4649 _d4649 |
||